000 00572nam a22001697a 4500
003 UA-OsUOA
001 18195
007 ta
008 20040423b un ||||| |||| 00| 0 ukr d
942 _cSA
040 _aUA-OsUOA
_cUA-OsUOA
_dUA-OsUOA
245 _aКраєзнавці популяризують...
_b[Рівнен. обл. краєзн. т-во Всеукр. спілки краєзнавці - 15 р.]
300 _aС.4
955 _a0
773 0 _w0
_tРівненська газета
_dРівне
_d2004
_g№20/5 квіт./
650 7 _aКраєзнавство
_2UDC
999 _c304365
_d304365